000 00295nam a2200121Ia 4500
008 240731s9999 xx 000 0 und d
022 _a1746-0808
245 0 _aFuture Virology
260 _bTaylor & Francis
856 _uhttps://www.tandfonline.com/loi/ifvl20
942 _2ddc
942 _cTFEJ
999 _c76682
_d76682
945 _a1
_bMadushi Gamage
_c1
_dMadushi Gamage